Luz Donoso: el arte y la acción en el presente

Uloženo v:
Podrobná bibliografie
Hlavní autor: Varas Alarcón, Paulina E (Autor)
Médium: Kniha
Jazyk:španělština
Vydáno: Santiago Ocho Libros 2018
Vydání:1a. ed
Témata:
Tagy: Přidat tag
Žádné tagy, Buďte první, kdo vytvoří štítek k tomuto záznamu!

MARC

LEADER 00000cam a2200000 a 4500
001 UCC7663
003 CL-VaPUC
008 190427e20180000cl |||||||||||||||||spa|d
020 |a 9789563354805 
082 0 4 |a 709.83  |b VAR  |2 21 
100 0 |a Varas Alarcón, Paulina E  |e author  |9 602369 
245 1 0 |a Luz Donoso: el arte y la acción en el presente 
250 |a 1a. ed 
300 |a 236 p 
942 |c BK 
945 |d 20190427 02:22:00  |a dcastane 
260 |a Santiago  |b Ocho Libros  |c 2018 
650 0 |a Arte y sociedad   |9 306277 
650 0 |a Artistas chilenos  |9 344566 
650 0 |a Política cultural  |9 316492 
650 0 |a Biografías  |9 255210 
583 |a last modification  |c 20190427 02:22:00  |k Rodrigo Vera 
999 |c 374256  |d 374254 
952 |0 0  |1 0  |3 erb  |4 0  |6 709_830000000000000_VAR_2018  |7 0  |8 R  |9 492747  |a BIBART  |b BIBART  |i 5544610  |l 4  |o 709.83 VAR 2018  |p 5544610  |r 2025-03-13  |s 2022-10-13  |w 2019-11-24  |y BK_R  |z Catalogado en:20190427  |k ART